Регионална библиотека "Любен Каравелов" - Русе

Човешкият цирк и Крикор Азарян (Запис номер 93740)

MARC детайли
000 -Лидер
Контролно поле с фиксирана дължина 02082nam a2200421 c 4500
003 - Код на организацията, давaща контролен номер
Контролно поле BLK
005 - Дата и час на последна редакция
Контролно поле 20180422104849.0
008 - Елементи от данни с фиксирана дължина
fixed length control field 180408b bul|||||r ||||||| ||bul||
010 ## - Наследен системен номер
LC control number KNG00098550000
020 ## - Международен стандартен номер на книга ISBN
Международен стандартен номер на книга ISBN 978-954-783-070-7
-- издат.: Intense - (Локус)
040 ## - Източник на каталожния запис
Идентификатор на билиотеката - собственик на записа BLK
041 ## - Код за език
Код за езика на текст/звукозапис или на отделно заглавие Български
Код за езика КДБФ Български
072 #7 - Код за тематичната категория
Код организация bullib
Код за тематична категория Н70
Текст Изкуства Н
080 ## - УДК
Текстов определител УДК Драматични театри. Театри за драма и комедия. Вж и 82-2
УДК код - определител по УДК 792.2
УДК определител .071.1(497.2)(092)
УДК - код + определител 792.2.071.1(497.2)(092)
080 ## - УДК
Текстов определител УДК Български театрален режисьор
УДК код - определител по УДК 929 Азарян, Крикор Степан
УДК определител
УДК - код + определител 929 Азарян, Крикор Степан
100 1# - Редна дума - Автор
Автор Стайков, Димитър Антонов
Авторска отговорност първи автор
R(LIN) 372515
139 ## - Редно поле
Редна дума Стайков, Димитър Антонов
Авторски знак Аз - А 36
245 10 - Сведения за заглавието
Заглавие Човешкият цирк и Крикор Азарян
Редно поле (дума) Димитър Антонов Стайков.
257 ## - Страна на издаване
Страна на създаване/издаване България
260 ## - Област на издателските данни
-- София
Име на издателя, разпространителя и проч. Intense
Година на издаване 2008
Печатница Костинброд : Мултипринт
300 ## - Физическа характеристика
Страници 472 с.
Илюстрации и др. със сн.
Размери/Мащаб 22 см
380 ## - Жанр
Жанр Изкуство
500 ## - Общи забележки
Забележка Intense - търговска марка на Локус Пъблишинг ЕООД. - Офс. изд. - Съдържа и Писмо на Йордан Радичков до Крикор Азарян по повод на 50-ия му рожден ден ; Постановки на Крикор Азарян ; Интервюта ; Критически летопис.
600 14 - Име на лице, използвано като предмет
За него / За нея Азарян, Крикор Степан
9 (RLIN) 305589
650 #4 - Допълнително описание по предмет – тема
Основно описание – тема или топоним Режисьори, български
9 (RLIN) 262647
650 #4 - Допълнително описание по предмет – тема
Основно описание – тема или топоним Режисура, театрална
9 (RLIN) 255083
650 #4 - Допълнително описание по предмет – тема
Основно описание – тема или топоним Театър, български
9 (RLIN) 246299
651 #4 - Допълнително описание по предмет - топоним
Географско понятие България
9 (RLIN) 241624
653 ## - Ключова дума – ненормативна
Ключова дума български театър
653 ## - Ключова дума – ненормативна
Ключова дума режисьори
653 ## - Ключова дума – ненормативна
Ключова дума Крикор Азарян
659 ## - Тематичен бюлетин
Тематичен бюлетин Н
852 ## - Местоположение
Форматна сигнатура Цб 250194
856 4# - Електронен адрес и достъп
Електронен формат pdf - файл
Път до файла /url/
856 4# - Електронен адрес и достъп
Електронен формат pdf - файл
Път до файла /url/
942 ## - АРТИКУЛИ
Вид на библиотечния материал Книги
Скрит в OPAC Не
944 ## - СЪЗДАВАНЕ И РЕДАКЦИЯ на ЗАПИСА
Създаване/Редакция Създаване
Дата на регистрацията/редакция 08.12.2010
Статус, дата на статуса ф /
Служител, извършил регистрацията/редакцията Людмила_Стоянова
944 ## - СЪЗДАВАНЕ И РЕДАКЦИЯ на ЗАПИСА
Създаване/Редакция Редакция
Дата на регистрацията/редакция 10.03.2011
Статус, дата на статуса ф /
Служител, извършил регистрацията/редакцията
999 ## - СИСТЕМНИ КОНТРОЛНИ НОМЕРА
Koha biblionumber 93740
Koha biblioitemnumber 93740
Наличности
Код за отписване Код за изгубен артикул Източник на класификационната схема Код за повреда Коз за рестрикции Код за отдаване Артикулен № Име на библиотеката - собственик Име на библиотеката, в която се намира в момента Статус (Текущо местоположение) Дата на вписване в системата Местоположение - отдел Цена в лева Инвентарен номер Систематично азбучна сигнатура Баркод Номер на екземпляра Цена в евро Служебна бележка Служебен тип на артикула
  Не е изгубен Universal Decimal Classification Не е повреден без рестрикции заемане за дома 150571 Регионална библиотека "Любен Каравелов" Русе Регионална библиотека "Любен Каравелов" Русе Отдел Изкуство - подръчен фонд 2010-12-08 Отдел Изкуство - подръчен фонд 14.00 120000747967 792(497.2)/А 36 120000747967 1 7.16 Дост: DA Вид: А N: 23 Дата: 08.12.2010 Дата инв: 05.04.2017 Бележки инв: ИП2017 Книги
  Не е изгубен Universal Decimal Classification Не е повреден без рестрикции заемане за дома 150572 Регионална библиотека "Любен Каравелов" Русе Регионална библиотека "Любен Каравелов" Русе Отдел Изкуство - подръчен фонд 2010-12-08 Отдел Изкуство - подръчен фонд 14.00 120000747968 792(497.2)/А 36 120000747968 2 7.16 Дост: DA Вид: А N: 23 Дата: 08.12.2010 Дата инв: 05.04.2017 Бележки инв: ИП2017 Книги
  Не е изгубен Universal Decimal Classification Не е повреден само за читалня ползва се в читалня 150573 Регионална библиотека "Любен Каравелов" Русе Регионална библиотека "Любен Каравелов" Русе Хранилище 2010-12-14 Хранилище 14.00 120000748195 Цб 250194 120000748195 3 7.16 Дост: Dp Вид: Д N: 16 Дата: 14.04.2010 Книги
Vip Innovations Ltd, Rousse, Bulgaria 2025